[Event "46th GRE-chT Premier 2018"]
[Site "Rio Achaia"]
[Date "2018.07.11"]
[Round "3"]
[White "Roinos, Ilias"]
[Black "Kourousis, Epaminondas"]
[Result "0-1"]
[WhiteElo "2220"]
[BlackElo "2399"]
[Annotator "TA"]
[PlyCount "123"]
[EventDate "2018.07.10"]
[EventType "team-tourn"]
[EventCountry "GRE"]
[SourceTitle "playchess.com"]
[Source "ChessBase"]
[SourceQuality "1"]

{[%evp 26,123,0,0,0,0,0,-10,0,-23,0,-29,-24,-23,-25,-44,-42,-37,-39,-50,-52,-54,-24,-19,-23,-39,-24,-24,-24,-37,-26,-40,-16,-17,-24,-22,0,0,0,0,0,0,0,0,0,0,0,-1,-1,-1,-1,-3,-4,-3,-2,-3,0,0,0,0,0,-1,-2,-10,-9,-10,-9,-8,0,0,0,0,0,0,0,0,0,0,0,0,0,0,0,0,0,0,0,0,0,0,0,0,0,0,0,0,0,-8,0,0]} 1. e4 c6 2. d4 d5 3. exd5 cxd5 4. c4 Nf6 5. Nc3 e6 6. Nf3 Be7 7. Bd3 O-O 8. O-O dxc4 9. Bxc4 a6 10. a3 b5 11. Ba2 Bb7 12. Re1 Nc6 13. Bg5 h6 {D40: Queen's Gambit Declined: Semi-Tarrasch with 5 e3} 14. Bh4 {LiveBook: 3 Games} Nh5 $146 ({Predecessor:} 14... Rc8 15. Rc1 Nd5 16. Bg3 Nxc3 17. Rxc3 Na5 18. Rxc8 Qxc8 19. Ne5 Nc6 20. Nxf7 Rxf7 21. Bxe6 {1-0 (37) Rakhmanov,A (2653)-Omar,N (2364) Riadh 2017}) 15. Bxe7 Nxe7 16. Ne5 Nf6 17. Qd3 Qb6 18. Qh3 Rad8 19. Nxf7 Rxf7 20. Bxe6 Bc8 21. Bxf7+ Kxf7 22. Qg3 {[#] Rxe7+! is the strong threat.} Nf5 {[%mdl 1024] Black has compensation.} 23. Qe5 Qxd4 24. Qc7+ Qd7 $1 {[%cal Rd7c7]} 25. Qc5 Qd6 26. Qxd6 Rxd6 27. Rad1 Be6 28. f3 Bb3 (28... Rc6 {seems wilder.} 29. Rd2 Nd7 30. Ne2 Nc5 31. b4 Nb3) 29. Rxd6 Nxd6 30. Ne2 Be6 {The position is equal.} 31. Nd4 Bd7 32. b3 Nf5 33. Nxf5 Bxf5 34. Rc1 Bd7 35. Rc7 a5 36. Kf2 a4 37. bxa4 bxa4 38. Rb7 Ke6 39. Ke3 Kd5 40. Kd3 h5 41. h4 g6 42. Rb6 Ke5 43. g3 Nd5 44. f4+ Kf5 45. Rd6 Nf6 46. Kd4 Be8 47. Ra6 Ng4 48. Rd6 Nh6 49. Rd8 Bf7 {With the idea ...Kg4.} 50. Ra8 Bb3 51. Ra5+ Kf6 {[#] Threatens to win with ...Nf5+.} 52. Ra6+ Kf5 53. Ra5+ Kf6 {White must now prevent ...Nf5+.} 54. Ra6+ Kg7 55. Ra7+ Nf7 56. Ra6 Bc2 57. Kc3 Bd1 58. Kd4 Nh6 59. Ra7+ Kf6 60. Ra6+ Kf5 61. Ra5+ Kf6 {Black wants to play ...Nf5+.} 62. Ra6+ {[%mdl 32768] Precision: White = 83%, Black = 68%. . Loss on Time!?} 0-1

[Event "46th GRE-chT Premier 2018"]
[Site "Rio Achaia"]
[Date "2018.07.11"]
[Round "3"]
[White "Galunova, Tsveta"]
[Black "Richterova, Natasa"]
[Result "1-0"]
[WhiteElo "2204"]
[BlackElo "2146"]
[Annotator "NA"]
[PlyCount "107"]
[EventDate "2018.07.10"]
[EventType "team-tourn"]
[EventCountry "GRE"]
[SourceTitle "playchess.com"]
[Source "ChessBase"]
[SourceQuality "1"]
[TimeControl "40/5400+30:1800+30"]

1. d4 {[%emt 0:00:00]} d5 {[%emt 0:00:00]} 2. Nf3 {[%emt 0:00:00]} Nf6 {[%emt 0:00:10]} 3. c4 {[%emt 0:00:04]} c6 {[%emt 0:00:04]} 4. e3 {[%emt 0:01:46]} e6 {[%emt 0:05:17]} 5. Nc3 {[%emt 0:00:17]} Nbd7 {[%emt 0:00:04]} 6. Qc2 {[%emt 0:00:28]} Be7 {[%emt 0:00:06]} 7. Bd3 {[%emt 0:00:44]} O-O {[%emt 0:00:14]} 8. O-O {[%emt 0:00:29]} h6 {[%emt 0:01:18]} 9. b3 {[%emt 0:03:59]} b6 {[%emt 0:00:07]} 10. Bb2 {[%emt 0:02:43]} Bb7 {[%emt 0:00:26]} 11. Rac1 {[%emt 0:09:13]} Rc8 {[%emt 0:03:04]} 12. Rfd1 {[%emt 0:02:12]} Qc7 {[%emt 0:02:28]} 13. Qe2 {[%emt 0:02:36]} Qb8 {[%emt 0:05:46] D46: Semi-Slav: 5 e3 Nbd7 6 Bd3, Black avoids the Meran} 14. Bb1 {[%emt 0:07:01]} (14. Ne5 Rfd8 15. f4 dxc4 16. bxc4 c5 17. f5 Bd6 18. fxe6 fxe6 19. Ng4 Nxg4 20. Qxg4 Bxh2+ 21. Kh1 {½-½ (65) Bindrich,F (2594)-Dreev,A (2644) Berlin 2015}) 14... Rfd8 {[%emt 0:02:23]} 15. e4 {[%emt 0:07:51]} dxe4 {[%emt 0:00:18]} 16. Nxe4 {[%emt 0:00:16]} Nxe4 {[%emt 0:00:37]} 17. Qxe4 {[%emt 0:00:22]} Nf8 {[%emt 0:01:58]} 18. c5 $146 {[%emt 0:04:45]} ({Predecessor:} 18. Ne5 c5 19. d5 Bf6 20. Rd3 exd5 21. cxd5 {1-0 (33) Lien,K (2120)-Bjornes,L (1934) Helsingor 2017}) 18... Rd5 {[%emt 0:02:39]} 19. b4 {[%emt 0:06:29]} Rcd8 {[%emt 0:01:42]} 20. Re1 {[%emt 0:01:15]} Bf6 {[%emt 0:08:26]} 21. Ne5 {[%emt 0:03:46]} Bxe5 {[%emt 0:12:31]} 22. dxe5 {[%emt 0:00:12]} bxc5 {[%emt 0:02:16]} 23. Rxc5 {[%emt 0:06:10]} Rxc5 {[%emt 0:16:27]} 24. bxc5 {[%emt 0:00:05]} Ba6 {[%emt 0:01:02]} 25. Bc1 {[%emt 0:16:01]} Rd5 {[%emt 0:01:29]} 26. f4 {[%emt 0:09:56]} Rxc5 {[%emt 0:07:10]} 27. Be3 {[%emt 0:00:35]} Rc4 {[%emt 0:00:36]} 28. Qf3 {[%emt 0:01:00]} Qb4 {[%emt 0:02:59]} 29. Qf2 {[%emt 0:02:37]} Qa5 {[%emt 0:04:11]} 30. Rd1 {[%emt 0:04:22]} Ra4 {[%emt 0:11:22]} 31. Bxa7 {[%emt 0:04:23]} Bc4 {[%emt 0:00:47]} 32. Bb6 {[%emt 0:00:35]} Qb5 {[%emt 0:00:17]} 33. Bc5 {[%emt 0:01:10]} Bd5 {[%emt 0:00:51]} 34. Bd6 {[%emt 0:01:33]} Qc4 {[%emt 0:02:17]} 35. Rf1 {[%emt 0:00:39]} Qd4 {[%emt 0:01:51]} 36. g3 {[%emt 0:01:48]} Qxf2+ {[%emt 0:00:07]} 37. Rxf2 {[%emt 0:00:29]} g6 {[%emt 0:03:33]} 38. Rb2 {[%emt 0:00:10]} Kg7 {[%emt 0:00:54]} 39. Kf2 {[%emt 0:00:45]} Nh7 {[%emt 0:00:38]} 40. Ke3 {[%emt 0:00:00]} g5 {[%emt 0:00:00]} 41. a3 {[%emt 0:12:55]} gxf4+ {[%emt 0:03:22]} 42. gxf4 {[%emt 0:00:02]} Ra7 43. h4 {[%emt 0:02:59]} h5 {[%emt 0:04:04]} 44. Rb8 {[%emt 0:00:45]} Ra5 {[%emt 0:06:44]} 45. Bb4 {[%emt 0:03:35]} Ra7 {[%emt 0:00:10]} 46. Bc2 {[%emt 0:02:54]} c5 {[%emt 0:07:13]} 47. Bxc5 {[%emt 0:00:48]} Rc7 {[%emt 0:00:02]} 48. Kd4 {[%emt 0:02:27]} f6 {[%emt 0:00:13]} 49. Re8 {[%emt 0:02:36]} fxe5+ {[%emt 0:00:22]} 50. fxe5 {[%emt 0:00:05]} Rf7 {[%emt 0:05:12]} 51. Re7 {[%emt 0:00:22]} Nf8 $18 {[%emt 0:00:20]} 52. Rxf7+ {[%emt 0:01:11]} Kxf7 {[%emt 0:00:06]} 53. Bxf8 {[%emt 0:00:21]} Kxf8 {[%emt 0:00:06]} 54. Bd1 {[%emt 0:00:13]} 1-0

[Event "46th GRE-chT Premier 2018"]
[Site "Rio Achaia"]
[Date "2018.07.11"]
[Round "3"]
[White "Koyias, Konstantinos"]
[Black "Georgiou, Kostantinos"]
[Result "1/2-1/2"]
[WhiteElo "2192"]
[BlackElo "2242"]
[Annotator "NA"]
[PlyCount "66"]
[EventDate "2018.07.10"]
[EventType "team-tourn"]
[EventCountry "GRE"]
[SourceTitle "playchess.com"]
[Source "ChessBase"]
[SourceQuality "1"]
[TimeControl "40/5400+30:1800+30"]

1. Nf3 {[%emt 0:00:00]} d5 {[%emt 0:00:18]} 2. g3 {[%emt 0:00:00]} e6 {[%emt 0:00:07]} 3. Bg2 {[%emt 0:00:07]} Nf6 {[%emt 0:00:06]} 4. d3 {[%emt 0:01:13]} c5 {[%emt 0:04:02]} 5. Nbd2 {[%emt 0:00:34]} Nc6 {[%emt 0:01:10]} 6. O-O {[%emt 0:00:18]} Bd7 {[%emt 0:01:38]} 7. Re1 {[%emt 0:04:40]} d4 {[%emt 0:02:26]} 8. c3 {[%emt 0:10:20]} Be7 {[%emt 0:02:03]} 9. Nc4 {[%emt 0:02:08]} O-O {[%emt 0:05:22]} 10. Bd2 {[%emt 0:18:31]} Nd5 {[%emt 0:03:25]} 11. Nce5 {[%emt 0:11:08]} Bf6 {[%emt 0:02:44]} 12. Nxd7 {[%emt 0:00:15]} Qxd7 {[%emt 0:00:09]} 13. c4 {[%emt 0:01:26]} Nc7 {[%emt 0:01:28]} 14. a3 {[%emt 0:00:24]} a5 {[%emt 0:01:53]} 15. b3 {[%emt 0:01:42]} g6 {[%emt 0:06:03]} 16. Rb1 {[%emt 0:01:05]} Na6 {[%emt 0:00:48]} 17. Qc2 {[%emt 0:01:31]} Bg7 {[%emt 0:04:49]} 18. Rbd1 {[%emt 0:04:12]} Rab8 {[%emt 0:04:47]} 19. Rb1 {[%emt 0:04:24]} Rbd8 {[%emt 0:03:30]} 20. Red1 {[%emt 0:03:48]} b6 {[%emt 0:04:33]} 21. Rf1 {[%emt 0:00:48]} f5 {[%emt 0:04:04]} 22. Ne1 {[%emt 0:02:22]} Rb8 {[%emt 0:04:45]} 23. Qa2 {[%emt 0:04:46]} Rfe8 {[%emt 0:06:37]} 24. Nc2 {[%emt 0:06:21]} Bf8 {[%emt 0:05:48]} 25. b4 {[%emt 0:08:30]} axb4 {[%emt 0:03:04]} 26. Bxc6 {[%emt 0:00:43]} Qxc6 {[%emt 0:00:45]} 27. axb4 {[%emt 0:00:04]} Nc7 {[%emt 0:05:26]} 28. bxc5 {[%emt 0:01:38]} bxc5 {[%emt 0:01:00]} 29. Rxb8 {[%emt 0:00:16]} Rxb8 {[%emt 0:00:07]} 30. Rb1 {[%emt 0:00:28]} Qa6 {[%emt 0:04:28]} 31. Ra1 {[%emt 0:01:36]} Qc6 {[%emt 0:02:07]} 32. Rb1 {[%emt 0:01:07]} Qa6 {[%emt 0:04:01]} 33. Ra1 {[%emt 0:00:16]} Qc6 {[%emt 0:01:47]} 1/2-1/2

[Event "46th GRE-chT Premier 2018"]
[Site "Rio Achaia"]
[Date "2018.07.11"]
[Round "3"]
[White "Pavlidou, Ekaterini"]
[Black "Markantonaki, Haritomeni"]
[Result "1/2-1/2"]
[WhiteElo "2186"]
[BlackElo "2152"]
[Annotator "NA"]
[PlyCount "68"]
[EventDate "2018.07.10"]
[EventType "team-tourn"]
[EventCountry "GRE"]
[SourceTitle "playchess.com"]
[Source "ChessBase"]
[SourceQuality "1"]
[TimeControl "40/5400+30:1800+30"]

1. d4 {[%emt 0:00:08]} Nf6 {[%emt 0:00:00]} 2. c4 {[%emt 0:00:18]} e6 {[%emt 0:00:00]} 3. Nc3 {[%emt 0:00:44]} Bb4 {[%emt 0:00:20]} 4. e3 {[%emt 0:00:17]} O-O {[%emt 0:00:12]} 5. Nge2 {[%emt 0:00:25]} Re8 {[%emt 0:01:12]} 6. a3 {[%emt 0:00:14]} Bf8 {[%emt 0:00:08]} 7. g3 {[%emt 0:07:42]} d5 {[%emt 0:01:03]} 8. cxd5 {[%emt 0:00:16]} exd5 {[%emt 0:00:35]} 9. Bg2 {[%emt 0:00:53]} c6 {[%emt 0:01:53]} 10. O-O {[%emt 0:00:44]} Bf5 {[%emt 0:02:42]} 11. Nf4 {[%emt 0:07:44]} Nbd7 {[%emt 0:03:05]} 12. h3 h6 {[%emt 0:04:51]} 13. Nd3 {[%emt 0:11:24]} Ne4 {[%emt 0:02:55]} 14. Ne2 {[%emt 0:03:38]} Bh7 {[%emt 0:06:54]} 15. Kh2 {[%emt 0:08:34]} Qc7 {[%emt 0:12:46]} 16. b3 {[%emt 0:11:05]} Rad8 {[%emt 0:06:01]} 17. a4 {[%emt 0:03:26]} Bd6 {[%emt 0:04:49]} 18. Ba3 {[%emt 0:03:44]} Ndf6 {[%emt 0:07:28]} 19. Bxd6 {[%emt 0:03:43]} Nxd6 {[%emt 0:00:38]} 20. Rc1 {[%emt 0:02:43]} Qe7 {[%emt 0:03:08]} 21. Ne5 {[%emt 0:07:48]} Nfe4 {[%emt 0:03:18]} 22. Nc3 {[%emt 0:04:37]} Nxc3 {[%emt 0:03:51]} 23. Rxc3 {[%emt 0:00:13]} Ne4 {[%emt 0:00:22]} 24. Bxe4 {[%emt 0:03:48]} Bxe4 {[%emt 0:00:40]} 25. f3 {[%emt 0:01:42]} Bh7 {[%emt 0:03:03]} 26. Ng4 {[%emt 0:03:15]} Qb4 {[%emt 0:05:48]} 27. Qc1 {[%emt 0:02:06]} f6 {[%emt 0:03:56]} 28. Nf2 {[%emt 0:01:27]} Re6 {[%emt 0:01:56]} 29. Kg2 {[%emt 0:02:02]} Rde8 {[%emt 0:00:10]} 30. h4 {[%emt 0:01:10]} Qe7 {[%emt 0:05:00]} 31. Re1 {[%emt 0:00:25]} Qb4 {[%emt 0:01:42]} 32. h5 {[%emt 0:03:24]} R6e7 {[%emt 0:03:54]} 33. Nh3 {[%emt 0:02:08]} Re6 {[%emt 0:00:31]} 34. Nf2 {[%emt 0:00:09]} R6e7 {[%emt 0:00:09]} 1/2-1/2

[Event "46th GRE-chT Premier 2018"]
[Site "Rio Achaia"]
[Date "2018.07.11"]
[Round "3"]
[White "Ladopoulos, Dimitrios"]
[Black "Kouskoutis, Georgios-Alexandros"]
[Result "1/2-1/2"]
[WhiteElo "2183"]
[BlackElo "2307"]
[Annotator "NA"]
[PlyCount "104"]
[EventDate "2018.07.10"]
[EventType "team-tourn"]
[EventCountry "GRE"]
[SourceTitle "playchess.com"]
[Source "ChessBase"]
[SourceQuality "1"]
[TimeControl "40/5400+30:1800+30"]

1. e4 {[%emt 0:00:00]} c5 {[%emt 0:00:00]} 2. Nf3 {[%emt 0:00:08]} e6 {[%emt 0:00:00]} 3. g3 {[%emt 0:00:59]} Nc6 {[%emt 0:01:19]} 4. Bg2 {[%emt 0:00:17]} e5 {[%emt 0:02:03] B40: Sicilian: 2...e6, Unusual lines} (4... Nf6 5. d3 d5 6. Nbd2 Be7 7. O-O O-O 8. Re1 b5 9. e5 Nd7 10. Nf1 Bb7 11. h4 Qc7 12. Bf4 Rfc8 13. Ne3 Qd8 14. Ng4 Bf8 15. Bg5 Qe8 16. c3 h6 17. Bf4 a5 18. Qd2 b4 19. c4 Ne7 20. h5 {1-0 (59) Kuzubov,Y (2699)-Grischuk,A (2772) Riadh 2017}) 5. O-O {[%emt 0:01:47]} g6 {[%emt 0:00:21]} 6. c3 {[%emt 0:03:32]} Bg7 {[%emt 0:01:44]} 7. Na3 {[%emt 0:04:20]} Nge7 {[%emt 0:07:29]} 8. Nc4 $146 {[%emt 0:15:07]} ({Predecessor:} 8. d4 cxd4 9. cxd4 exd4 10. Nb5 O-O 11. Bf4 d5 12. e5 {½-½ (26) Sipos,I (2492)-Mihok,O (2510) Slovakia 2016}) 8... d6 {[%emt 0:07:46]} 9. d4 {[%emt 0:05:12]} exd4 {[%emt 0:04:52]} 10. Bf4 {[%emt 0:07:17]} O-O {[%emt 0:00:57]} 11. cxd4 {[%emt 0:02:03]} cxd4 {[%emt 0:13:03]} 12. Nxd6 {[%emt 0:01:30]} Bg4 {[%emt 0:21:50]} 13. Nxb7 {[%emt 0:09:22]} Qb6 {[%emt 0:01:28]} 14. Qb3 {[%emt 0:01:37]} Be6 {[%emt 0:08:47]} 15. Qxb6 {[%emt 0:00:51]} axb6 {[%emt 0:00:03]} 16. a3 {[%emt 0:03:33]} d3 {[%emt 0:10:42]} 17. e5 {[%emt 0:11:06]} Nd5 {[%emt 0:09:10]} 18. Rfd1 {[%emt 0:09:16]} Ra4 {[%emt 0:06:18]} 19. b3 {[%emt 0:18:11]} Rxf4 {[%emt 0:00:51]} 20. gxf4 {[%emt 0:00:05]} Nxf4 {[%emt 0:00:06]} 21. Re1 {[%emt 0:03:44]} Nxg2 {[%emt 0:01:04]} 22. Kxg2 {[%emt 0:00:02]} Bd5 {[%emt 0:00:30]} 23. Kg3 {[%emt 0:00:58]} Rb8 {[%emt 0:00:33]} 24. Nd6 {[%emt 0:00:31]} Bxf3 {[%emt 0:00:29]} 25. Kxf3 {[%emt 0:00:02]} Bxe5 {[%emt 0:00:26]} 26. Rxe5 {[%emt 0:00:55]} Nxe5+ {[%emt 0:00:05]} 27. Ke4 {[%emt 0:00:32]} Ng4 {[%emt 0:00:53]} 28. Kf3 {[%emt 0:00:31]} f5 {[%emt 0:00:35]} 29. h3 {[%emt 0:00:22]} Ne5+ {[%emt 0:00:32]} 30. Kf4 {[%emt 0:00:35]} Nd7 {[%emt 0:00:30]} 31. Rd1 {[%emt 0:00:25]} Nf6 {[%emt 0:00:32]} 32. Rxd3 {[%emt 0:00:24]} Rd8 {[%emt 0:00:21]} 33. Rd4 {[%emt 0:00:44]} Ra8 {[%emt 0:00:28]} 34. a4 {[%emt 0:00:11]} Kf8 {[%emt 0:00:37]} 35. Nc4 {[%emt 0:00:25]} Rb8 {[%emt 0:00:30]} 36. Ne5 {[%emt 0:00:51]} Rb7 {[%emt 0:00:28]} 37. Rd6 {[%emt 0:00:33]} Ke7 {[%emt 0:00:31]} 38. Rc6 {[%emt 0:00:23]} Nd5+ {[%emt 0:00:31]} 39. Kg5 {[%emt 0:00:36]} Nc7 {[%emt 0:00:31]} 40. Nc4 {[%emt 0:00:00]} Nd5 {[%emt 0:00:00]} 41. Rd6 {[%emt 0:04:47]} b5 {[%emt 0:20:03]} 42. Rxd5 {[%emt 0:07:36]} bxc4 {[%emt 0:00:09]} 43. bxc4 {[%emt 0:00:03]} Rb4 {[%emt 0:01:10]} 44. Ra5 {[%emt 0:10:37]} Rxc4 {[%emt 0:00:19]} 45. Ra7+ {[%emt 0:01:13]} Ke6 {[%emt 0:00:08]} 46. Rxh7 {[%emt 0:01:03]} Rxa4 {[%emt 0:00:23]} 47. Rg7 {[%emt 0:02:01]} Ra3 {[%emt 0:08:22]} 48. Rxg6+ {[%emt 0:01:01]} Ke7 $1 {[%emt 0:00:28]} 49. f4 {[%emt 0:02:48]} Rxh3 {[%emt 0:00:09]} 50. Ra6 {[%emt 0:00:10]} Kf7 $14 {[%emt 0:02:11]} 51. Rf6+ {[%emt 0:00:58]} Kg7 {[%emt 0:00:22]} 52. Kxf5 {[%emt 0:00:43]} Ra3 {[%emt 0:01:07]} 1/2-1/2

[Event "46th GRE-chT Premier 2018"]
[Site "Rio Achaia"]
[Date "2018.07.11"]
[Round "3"]
[White "Kazantzidis, Ilias"]
[Black "Tepelenis, Nikolaos"]
[Result "1-0"]
[WhiteElo "2182"]
[BlackElo "2079"]
[Annotator "NA"]
[PlyCount "39"]
[EventDate "2018.07.10"]
[EventType "team-tourn"]
[EventCountry "GRE"]
[SourceTitle "playchess.com"]
[Source "ChessBase"]
[SourceQuality "1"]
[TimeControl "40/5400+30:1800+30"]

1. d4 {[%emt 0:00:00]} d5 {[%emt 0:00:00]} 2. c4 {[%emt 0:00:00]} c6 {[%emt 0:00:00]} 3. Nc3 {[%emt 0:01:51]} Nf6 {[%emt 0:00:01]} 4. e3 {[%emt 0:00:17]} e6 {[%emt 0:00:14]} 5. Nf3 {[%emt 0:00:27]} Nbd7 {[%emt 0:00:13]} 6. Qc2 {[%emt 0:00:54]} Bd6 {[%emt 0:00:56]} 7. g4 {[%emt 0:00:39]} Nxg4 {[%emt 0:10:41]} 8. Rg1 {[%emt 0:00:10]} Nh6 {[%emt 0:02:10]} 9. e4 {[%emt 0:15:31]} dxe4 {[%emt 0:01:10]} 10. Bxh6 {[%emt 0:01:56]} gxh6 {[%emt 0:01:03]} 11. Qxe4 {[%emt 0:02:17]} Qf6 {[%emt 0:06:49]} 12. Bh3 {[%emt 0:40:38]} Qf4 {[%emt 0:10:48]} 13. Qxf4 {[%emt 0:01:22]} Bxf4 {[%emt 0:00:10]} 14. Rg4 {[%emt 0:06:17]} Bd6 {[%emt 0:10:07]} 15. Rh4 {[%emt 0:00:10]} Nf6 {[%emt 0:12:28]} 16. Rxh6 {[%emt 0:04:29]} Ke7 {[%emt 0:00:21]} 17. Kf1 {[%emt 0:05:12]} Bd7 {[%emt 0:06:31]} 18. Re1 {[%emt 0:02:05]} Rag8 {[%emt 0:02:21]} 19. Ne5 {[%emt 0:04:35]} Bc8 {[%emt 0:05:55]} 20. Rxf6 {[%emt 0:02:09]} 1-0

[Event "46th GRE-chT Premier 2018"]
[Site "Rio Achaia"]
[Date "2018.07.11"]
[Round "3"]
[White "Nikolaidis, Konstantinos"]
[Black "Gouloutis, Nikolaos"]
[Result "0-1"]
[WhiteElo "2182"]
[BlackElo "2382"]
[Annotator "NA"]
[PlyCount "80"]
[EventDate "2018.07.10"]
[EventType "team-tourn"]
[EventCountry "GRE"]
[SourceTitle "playchess.com"]
[Source "ChessBase"]
[SourceQuality "1"]
[TimeControl "40/5400+30:1800+30"]

1. d4 {[%emt 0:00:13]} Nf6 {[%emt 0:02:07]} 2. c4 {[%emt 0:00:23]} e6 {[%emt 0:00:03]} 3. Nf3 {[%emt 0:03:31]} Bb4+ {[%emt 0:03:18]} 4. Nbd2 {[%emt 0:03:46]} b6 {[%emt 0:00:34]} 5. g3 {[%emt 0:01:43]} Bb7 {[%emt 0:00:06]} 6. Bg2 {[%emt 0:00:21]} O-O {[%emt 0:00:08]} 7. O-O {[%emt 0:00:36]} a5 {[%emt 0:01:36]} 8. Qc2 {[%emt 0:01:58]} Bxd2 {[%emt 0:06:48]} 9. Bxd2 {[%emt 0:00:50]} Be4 {[%emt 0:00:06]} 10. Qc1 {[%emt 0:03:23]} d6 {[%emt 0:01:28]} 11. Bc3 {[%emt 0:08:08]} Nbd7 {[%emt 0:07:24]} 12. Qe3 {[%emt 0:05:41]} Qb8 {[%emt 0:05:55]} 13. Bh3 {[%emt 0:05:26]} b5 {[%emt 0:22:56]} 14. b3 {[%emt 0:02:50]} bxc4 {[%emt 0:08:21]} 15. bxc4 {[%emt 0:00:43]} Qa7 {[%emt 0:00:10]} 16. Nd2 {[%emt 0:03:23]} Bg6 {[%emt 0:00:18]} 17. Bg2 {[%emt 0:04:20]} Rae8 {[%emt 0:03:29]} 18. Bc6 {[%emt 0:09:26]} Qa6 {[%emt 0:14:00]} 19. Bb5 {[%emt 0:09:51]} Qa8 {[%emt 0:00:05]} 20. Ba4 {[%emt 0:12:52]} c6 {[%emt 0:05:28]} 21. Qf3 {[%emt 0:02:28]} d5 {[%emt 0:00:05]} 22. c5 {[%emt 0:02:58]} Qa6 {[%emt 0:03:42]} 23. Rfe1 {[%emt 0:02:40]} e5 {[%emt 0:01:43]} 24. e3 {[%emt 0:03:22]} Re6 {[%emt 0:00:23]} 25. dxe5 {[%emt 0:05:35]} Nxe5 {[%emt 0:00:48]} 26. Bxe5 {[%emt 0:00:29]} Rxe5 {[%emt 0:00:06]} 27. Qf4 {[%emt 0:01:03]} Rfe8 {[%emt 0:01:14]} 28. Qd4 {[%emt 0:00:48]} h5 {[%emt 0:00:56]} 29. Rac1 {[%emt 0:00:53]} h4 {[%emt 0:04:41]} 30. Bc2 {[%emt 0:00:57]} Be4 {[%emt 0:01:05]} 31. f3 {[%emt 0:01:28]} hxg3 {[%emt 0:05:27]} 32. hxg3 {[%emt 0:01:18]} Qc8 {[%emt 0:00:12]} 33. fxe4 {[%emt 0:01:04]} Qh3 {[%emt 0:00:18]} 34. Nf1 {[%emt 0:01:12]} Rh5 {[%emt 0:00:04]} 35. Bd1 {[%emt 0:01:14]} Qh1+ {[%emt 0:01:49]} 36. Kf2 {[%emt 0:00:09]} Rh2+ {[%emt 0:00:26]} 37. Nxh2 {[%emt 0:00:12]} Qxh2+ {[%emt 0:00:05]} 38. Kf1 {[%emt 0:00:26]} Nxe4 {[%emt 0:00:06]} 39. Qxe4 {[%emt 0:01:14]} Rxe4 {[%emt 0:00:07]} 40. Rb1 {[%emt 0:00:00]} Re6 {[%emt 0:00:00]} 0-1

[Event "46th GRE-chT Premier 2018"]
[Site "Rio Achaia"]
[Date "2018.07.11"]
[Round "3"]
[White "Tsiros, Fragkiskos Vlasios"]
[Black "Pavlidis, Pavlos"]
[Result "1-0"]
[WhiteElo "2181"]
[BlackElo "1906"]
[Annotator "NA"]
[PlyCount "99"]
[EventDate "2018.07.10"]
[EventType "team-tourn"]
[EventCountry "GRE"]
[SourceTitle "playchess.com"]
[Source "ChessBase"]
[SourceQuality "1"]
[TimeControl "40/5400+30:1800+30"]

1. e4 {[%emt 0:00:42]} c5 {[%emt 0:00:00]} 2. Nf3 {[%emt 0:00:43]} Nc6 {[%emt 0:00:00]} 3. d4 {[%emt 0:00:08]} cxd4 {[%emt 0:00:07]} 4. Nxd4 {[%emt 0:00:04]} g6 {[%emt 0:00:09]} 5. Ne2 {[%emt 0:01:10]} Bg7 {[%emt 0:01:19]} 6. g3 {[%emt 0:00:08]} Nf6 {[%emt 0:01:15]} 7. Bg2 {[%emt 0:00:31]} O-O {[%emt 0:01:24]} 8. O-O {[%emt 0:00:42]} d6 {[%emt 0:04:12]} 9. Nbc3 {[%emt 0:00:40]} a6 {[%emt 0:01:19]} 10. h3 {[%emt 0:00:42]} Qc7 {[%emt 0:02:00]} 11. Be3 {[%emt 0:05:02]} b5 {[%emt 0:02:17]} 12. Nd5 {[%emt 0:01:14]} Nxd5 {[%emt 0:03:18]} 13. exd5 {[%emt 0:00:06]} Ne5 {[%emt 0:03:54]} 14. b3 {[%emt 0:03:30]} Bb7 {[%emt 0:03:49]} 15. Bd4 {[%emt 0:06:53]} Rac8 {[%emt 0:04:49]} 16. f4 {[%emt 0:08:00]} Nd7 {[%emt 0:02:21]} 17. Bxg7 {[%emt 0:00:06]} Kxg7 {[%emt 0:00:04]} 18. Qd4+ {[%emt 0:00:11]} Kg8 {[%emt 0:01:13]} 19. c3 {[%emt 0:07:29]} Qc5 {[%emt 0:06:02]} 20. Qxc5 {[%emt 0:06:03]} Rxc5 {[%emt 0:00:54]} 21. b4 {[%emt 0:00:15]} Rc4 {[%emt 0:02:02]} 22. a4 {[%emt 0:00:17]} Nf6 {[%emt 0:04:02]} 23. axb5 {[%emt 0:05:28]} axb5 {[%emt 0:00:05]} 24. Rfd1 {[%emt 0:01:18]} Ra8 {[%emt 0:02:23]} 25. Rxa8+ {[%emt 0:02:47]} Bxa8 {[%emt 0:00:06]} 26. g4 {[%emt 0:01:13]} Ne4 {[%emt 0:09:17]} 27. Bxe4 {[%emt 0:05:07]} Rxe4 {[%emt 0:01:59]} 28. Kf2 {[%emt 0:00:04]} g5 {[%emt 0:00:38]} 29. fxg5 {[%emt 0:04:04]} Re5 {[%emt 0:03:40]} 30. Nf4 {[%emt 0:00:23]} Rxg5 {[%emt 0:00:46]} 31. Rd4 {[%emt 0:04:13]} Kg7 {[%emt 0:07:29]} 32. Ke3 {[%emt 0:01:25]} Re5+ {[%emt 0:03:53]} 33. Kd2 {[%emt 0:00:03]} Kf6 {[%emt 0:10:39]} 34. c4 {[%emt 0:05:23]} bxc4 {[%emt 0:01:07]} 35. Kc3 {[%emt 0:00:37]} e6 {[%emt 0:04:38]} 36. Kxc4 {[%emt 0:06:25]} exd5+ {[%emt 0:01:51]} 37. Nxd5+ {[%emt 0:02:01]} Bxd5+ {[%emt 0:01:23]} 38. Rxd5 {[%emt 0:00:07]} Ke6 {[%emt 0:01:10]} 39. Rxe5+ {[%emt 0:07:11]} dxe5 {[%emt 0:00:29]} 40. g5 {[%emt 0:00:00]} f5 {[%emt 0:00:00]} 41. gxf6 {[%emt 0:00:10]} Kxf6 {[%emt 0:09:43]} 42. Kd5 {[%emt 0:01:18]} Kf5 {[%emt 0:01:23]} 43. b5 {[%emt 0:00:03]} e4 {[%emt 0:00:10]} 44. Kd4 {[%emt 0:00:02]} Kf4 {[%emt 0:01:54]} 45. b6 {[%emt 0:00:03]} e3 {[%emt 0:00:32]} 46. b7 {[%emt 0:00:02]} e2 {[%emt 0:00:06]} 47. b8=Q+ {[%emt 0:00:06]} Kf3 {[%emt 0:00:04]} 48. Qb3+ {[%emt 0:00:28]} Kf2 {[%emt 0:00:28]} 49. Qe3+ {[%emt 0:00:06]} Kf1 {[%emt 0:00:06]} 50. Qf3+ {[%emt 0:00:08]} 1-0